| 000 | 00785cam a2200205 i 4500 | ||
|---|---|---|---|
| 999 |
_c7428 _d7428 |
||
| 003 | OSt | ||
| 005 | 20211123141105.0 | ||
| 008 | 110926s2011 sp 000 0 spa | ||
| 020 | _a9788483069417 | ||
| 040 |
_aDLC _beng _cCDMR |
||
| 100 | 1 | _aGuillermoprieto, Alma, | |
| 245 | 1 | 0 |
_aDesde el país de nunca jamás / _cAlma Guillermoprieto ; traducción de Margarita Valencia. |
| 264 | 1 |
_aBarcelona : _bDebate, _c2011. |
|
| 300 |
_a380 pàgines ; _c22 cm. |
||
| 490 | 0 | _aLa ficción real | |
| 500 | _aTraduccions a l'espanyol d'articles publicats originalment en anglès a The Washington Post, The New Yorker i The New York Review of Books, 1980-2008. | ||
| 650 | 0 |
_9797 _aReportatges literaris |
|
| 650 | 0 |
_94219 _aAmèrica Llatina _y1980-2008 _xCobertura periodística |
|
| 942 |
_2udc _cMON |
||